[Event "ONJK 2017 C"]
[Site "Borne, Netherlands"]
[Date "2017.08.09"]
[Round "5"]
[White "Warnaar, Alisha"]
[Black "Faybish, Benjamin"]
[Result "1-0"]
[WhiteElo "1560"]
[BlackElo "1628"]
[PlyCount "55"]
[EventDate "2017.08.??"]

1. e4 c5 2. Nf3 Nc6 3. d4 cxd4 4. Nxd4 Nf6 5. Nc3 e5 6. Ndb5 d6 7. Bg5 a6 8.
Bxf6 gxf6 9. Na3 b5 10. Nd5 Bg7 11. c4 b4 12. Nc2 Rb8 13. Bd3 O-O 14. O-O Re8
15. Qd2 a5 16. Rac1 f5 17. Nce3 Nd4 18. Rfe1 fxe4 19. Bxe4 f5 20. Bd3 f4 21.
Nc2 Nxc2 22. Bxc2 Be6 23. Qd3 h6 24. Ba4 Bd7 25. Bxd7 Qxd7 26. Qg6 Re6 27. Qg4
Ree8 28. Nf6+ 1-0

[Event "ONJK 2017 C"]
[Site "Borne, Netherlands"]
[Date "2017.08.09"]
[Round "5"]
[White "Warnaar, Mark"]
[Black "Hatzmann, Mirthe"]
[Result "0-1"]
[WhiteElo "1521"]
[BlackElo "1251"]
[PlyCount "80"]
[EventDate "2017.08.??"]

1. e4 e5 2. Nf3 Nc6 3. d4 exd4 4. Nxd4 Bc5 5. Be3 Qf6 6. c3 Nge7 7. Bc4 Ng6 8.
b4 Bxd4 9. cxd4 Nxb4 10. Nd2 Nc6 11. Nf3 Qe7 12. e5 h6 13. O-O d6 14. exd6 Qxd6
15. Re1 O-O 16. Qc2 Nge7 17. Rad1 Bg4 18. Qe4 Bxf3 19. Qxf3 a6 20. Qg4 Kh8 21.
Bf4 Qd8 22. Qh5 Kg8 23. Bd3 Qd5 24. Qh4 Ng6 25. Bxg6 fxg6 26. Bxc7 Qxa2 27. d5
g5 28. Qe4 Qxf2+ 29. Kh1 Qf7 30. dxc6 Qxc7 31. Rd7 Qxc6 32. Qe7 Qf6 33. Qxf6
Rxf6 34. Rxb7 a5 35. Reb1 Kh7 36. g3 a4 37. Kg2 a3 38. Ra1 a2 39. Kh3 Rf2 40.
g4 Re2 {... [74]} 0-1

[Event "ONJK 2017 C"]
[Site "Borne, Netherlands"]
[Date "2017.08.09"]
[Round "5.1"]
[White "Grutter, Tim"]
[Black "Honkoop, Gilian"]
[Result "1/2-1/2"]
[WhiteElo "1891"]
[BlackElo "1916"]
[PlyCount "110"]
[EventDate "2017.08.??"]

1. e4 e5 2. Nf3 Nc6 3. Bc4 Nf6 4. d4 exd4 5. e5 d5 6. Bb5 Ne4 7. Nxd4 Bd7 8.
Nxc6 bxc6 9. Bd3 Nc5 10. O-O Be7 11. f4 Nxd3 12. Qxd3 f6 13. exf6 Bxf6 14. Re1+
Kf7 15. Nc3 g6 16. b3 Bf5 17. Qd2 Qd6 18. Bb2 Rhe8 19. g3 Qc5+ 20. Kh1 d4 21.
Na4 Qxc2 22. Qxc2 Bxc2 23. Nc5 Rad8 24. Rxe8 Rxe8 25. Nd7 Bg7 26. Ne5+ Bxe5 27.
fxe5 Be4+ 28. Kg1 c5 29. b4 Rxe5 30. bxc5 Rd5 31. Kf2 d3 32. Ke3 Bf5 33. Bd4
Rd8 34. Re1 h5 35. Bc3 Bg4 36. Kd2 Be2 37. Rb1 Rd5 38. Rb5 Ke6 39. Ba5 a6 40.
Rb3 Rxc5 41. Bc3 Rf5 42. Ra3 a5 43. Rxa5 Rxa5 44. Bxa5 c5 45. Bc3 g5 46. h4
gxh4 47. gxh4 Kd5 48. Bf6 Kc4 49. Bg5 Kb5 50. Kc3 Ka4 51. Be7 c4 52. a3 Bf1 53.
Bb4 Be2 54. Be7 Bd1 55. Kxc4 Be2 1/2-1/2

[Event "ONJK 2017 C"]
[Site "Borne, Netherlands"]
[Date "2017.08.09"]
[Round "5.2"]
[White "Salomons, Quinten"]
[Black "Kamp, Adrian"]
[Result "1/2-1/2"]
[WhiteElo "1633"]
[BlackElo "1773"]
[PlyCount "46"]
[EventDate "2017.08.??"]

1. c4 Nf6 2. Nc3 d5 3. d4 g6 4. Nf3 Bg7 5. cxd5 Nxd5 6. e4 Nxc3 7. bxc3 O-O 8.
Be3 c5 9. Qd2 Qa5 10. Rc1 Rd8 11. d5 Bg4 12. c4 Qa3 13. Be2 Nc6 14. O-O Bxf3
15. gxf3 Nd4 16. Bxd4 Bxd4 17. Rb1 Rab8 18. Rb3 Qa6 19. Rfb1 Qf6 20. Qh6 b6 21.
f4 Qg7 22. Qxg7+ Kxg7 23. Kg2 h5 1/2-1/2

[Event "ONJK 2017 C"]
[Site "Borne, Netherlands"]
[Date "2017.08.09"]
[Round "5.3"]
[White "Toval, David"]
[Black "Albertus, Bram"]
[Result "1/2-1/2"]
[WhiteElo "1742"]
[BlackElo "1616"]
[PlyCount "37"]
[EventDate "2017.08.??"]

1. e4 c5 2. c3 d6 3. d4 cxd4 4. cxd4 Nf6 5. Nc3 a6 6. Bd3 Nc6 7. Nge2 g6 8. h3
h5 9. Be3 Bg7 10. O-O b5 11. a3 Bb7 12. f4 Rc8 13. Bf2 Na5 14. Qc2 d5 15. e5
Ne4 16. Bxe4 dxe4 17. Ng3 Nc4 18. Rfe1 e3 19. Bxe3 1/2-1/2

[Event "ONJK 2017 C"]
[Site "Borne, Netherlands"]
[Date "2017.08.09"]
[Round "5.4"]
[White "Baselmans, Daan"]
[Black "Elgersma, Onno"]
[Result "0-1"]
[WhiteElo "1659"]
[BlackElo "2030"]
[PlyCount "44"]
[EventDate "2017.08.??"]

1. e4 e6 2. d4 d5 3. exd5 exd5 4. Nf3 Nf6 5. Bd3 c5 6. c3 Nc6 7. h3 Bd6 8. O-O
O-O 9. Bg5 h6 10. Bh4 cxd4 11. Bxf6 Qxf6 12. cxd4 Be6 13. Nc3 Rac8 14. a3 Rfd8
15. Re1 g5 16. Be2 Kg7 17. Rf1 h5 18. Nh2 g4 19. hxg4 Bxh2+ 20. Kxh2 Qh4+ 21.
Kg1 hxg4 22. f4 g3 0-1

[Event "ONJK 2017 C"]
[Site "Borne, Netherlands"]
[Date "2017.08.09"]
[Round "5.5"]
[White "Hoeneveld, Maarten"]
[Black "De Putter, Nina"]
[Result "1/2-1/2"]
[WhiteElo "1946"]
[BlackElo "1469"]
[PlyCount "80"]
[EventDate "2017.08.??"]

1. e4 d5 2. exd5 Nf6 3. Bb5+ Bd7 4. Be2 Nxd5 5. d4 g6 6. Nf3 Bg7 7. O-O O-O 8.
Ne5 Nc6 9. Nxd7 Qxd7 10. c3 Rad8 11. Bf3 Nb6 12. Qb3 e5 13. dxe5 Bxe5 14. Bg5
Rde8 15. Bh6 Bg7 16. Bxg7 Kxg7 17. Na3 Re6 18. Rad1 Qc8 19. Nb5 a6 20. Nd4 Nxd4
21. Rxd4 Rfe8 22. c4 c5 23. Rd3 Qc7 24. a4 Nd7 25. Bd5 Rb6 26. Qc3+ Kg8 27.
Rfd1 Nf6 28. Bf3 Rbe6 29. g3 b6 30. b3 Qe7 31. Kg2 a5 32. Qd2 Re1 33. Rxe1 Qxe1
34. Qf4 Qe5 35. Qd2 Qe1 36. Qc2 Qe5 37. Re3 Qb8 38. Rxe8+ Qxe8 39. Qd2 Qd7 40.
Qf4 Qe6 1/2-1/2

[Event "ONJK 2017 C"]
[Site "Borne, Netherlands"]
[Date "2017.08.09"]
[Round "5.6"]
[White "Roothaan, Elmar"]
[Black "Roebers, Eline"]
[Result "1/2-1/2"]
[WhiteElo "1659"]
[BlackElo "1852"]
[PlyCount "63"]
[EventDate "2017.08.??"]

1. Nf3 f5 2. c4 Nf6 3. Nc3 g6 4. d3 Bg7 5. g3 O-O 6. Bg2 d6 7. Qc2 e5 8. e3 Qe8
9. Bd2 h6 10. O-O-O c6 11. d4 e4 12. Ng1 Be6 13. Bf1 Nbd7 14. Nh3 g5 15. Ng1 a6
16. h4 g4 17. Be1 b5 18. d5 cxd5 19. cxd5 Bf7 20. a3 Rc8 21. Kb1 Nxd5 22. Nge2
N7b6 23. Nd4 Bxd4 24. Rxd4 Na4 25. Rxa4 bxa4 26. Bxa6 Nxc3+ 27. Bxc3 Bc4 28.
Bxc4+ Rxc4 29. Qd2 Qc6 30. Rd1 Rb8 31. Kc2 Rb6 32. Qd5+ 1/2-1/2

[Event "ONJK 2017 C"]
[Site "Borne, Netherlands"]
[Date "2017.08.09"]
[Round "5.7"]
[White "Rogge, Parcival"]
[Black "Maters, Arthur"]
[Result "0-1"]
[WhiteElo "1508"]
[BlackElo "1727"]
[PlyCount "62"]
[EventDate "2017.08.??"]

1. e4 c5 2. Nf3 d6 3. c3 Nf6 4. Bd3 Nc6 5. Bc2 e6 6. O-O d5 7. e5 Nd7 8. d4
cxd4 9. cxd4 Be7 10. Re1 O-O 11. Nbd2 f6 12. exf6 Nxf6 13. Nf1 Qb6 14. h3 Bd7
15. Ng3 Bd6 16. Re2 Rae8 17. Bg5 Bxg3 18. fxg3 e5 19. Be3 exd4 20. Bf2 Rxe2 21.
Qxe2 Re8 22. Qd2 Ne4 23. Qd3 Nb4 24. Bxd4 Qc6 25. Qb3 Nxc2 26. Rd1 Nxd4 27.
Nxd4 Qd6 28. Nf3 Bc6 29. Nd4 Qxg3 30. Qc2 Rf8 31. Nf3 Rxf3 0-1

[Event "ONJK 2017 C"]
[Site "Borne, Netherlands"]
[Date "2017.08.09"]
[Round "5.8"]
[White "Bleeker, Kasper"]
[Black "Wensing, Jonathan"]
[Result "0-1"]
[WhiteElo "1627"]
[BlackElo "1667"]
[PlyCount "74"]
[EventDate "2017.08.??"]

1. e4 c5 2. Nf3 d6 3. d4 cxd4 4. c3 Nf6 5. cxd4 Nxe4 6. Bc4 d5 7. Bb3 e6 8. O-O
Be7 9. Bf4 Nc6 10. Nbd2 O-O 11. Nxe4 dxe4 12. Ne5 Nxd4 13. Re1 Nxb3 14. Qxb3
Qd5 15. Qg3 Rd8 16. h3 f6 17. Bh6 Bf8 18. Ng4 Kh8 19. Qc7 Rd7 20. Qc3 Qd4 21.
Nxf6 Bb4 22. Be3 Qd6 23. Bc5 Bxc3 24. Bxd6 gxf6 25. bxc3 Rxd6 26. Rxe4 e5 27.
Rc4 Be6 28. Rc7 Rd7 29. Rc5 Kg7 30. c4 Rad8 31. a3 Rd4 32. Rc1 Kg6 33. Kh2 Kf5
34. a4 Rd2 35. Rc3 Rxf2 36. a5 Ke4 37. a6 Kd4 0-1

[Event "ONJK 2017 C"]
[Site "Borne, Netherlands"]
[Date "2017.08.09"]
[Round "5.9"]
[White "Gevorkjan, Lewon"]
[Black "Heskes, Johan"]
[Result "1/2-1/2"]
[WhiteElo "1836"]
[BlackElo "1600"]
[PlyCount "63"]
[EventDate "2017.08.??"]

1. e4 c5 2. Nc3 d6 3. Nf3 Nf6 4. d3 g6 5. Be3 Bg7 6. Qd2 Nc6 7. Bh6 O-O 8. h4
Bg4 9. Be2 a6 10. Ng1 Nd4 11. Bxg4 Nxg4 12. Bxg7 Kxg7 13. f3 Nf6 14. h5 e6 15.
O-O-O b5 16. hxg6 fxg6 17. Qh6+ Kg8 18. Nce2 Nc6 19. Nf4 Qd7 20. Ngh3 e5 21.
Nd5 Nxd5 22. exd5 Nd4 23. Ng5 Ra7 24. Ne6 Nxe6 25. dxe6 Qxe6 26. b3 Qf7 27. Rh4
a5 28. Rdh1 a4 29. Qg5 Qe6 30. Kd2 axb3 31. axb3 Qf6 {... [52]} 32. Re4 1/2-1/2

[Event "ONJK 2017 C"]
[Site "Borne, Netherlands"]
[Date "2017.08.09"]
[Round "5.10"]
[White "Skabs, Denis"]
[Black "Muntean, Victor"]
[Result "0-1"]
[WhiteElo "1536"]
[BlackElo "1784"]
[PlyCount "38"]
[EventDate "2017.08.??"]

1. e4 e5 2. Nf3 Nc6 3. Bc4 Nf6 4. Ng5 d5 5. exd5 Na5 6. Bb5+ c6 7. dxc6 bxc6 8.
Qf3 Rb8 9. Bd3 Be7 10. Nc3 O-O 11. Nge4 Nd5 12. Qh5 f5 13. Ng3 g6 14. Qd1 Nf4
15. Bf1 Bc5 16. d3 Re8 17. Qf3 g5 18. Nge2 g4 19. Qg3 Nh5 0-1

[Event "ONJK 2017 C"]
[Site "Borne, Netherlands"]
[Date "2017.08.09"]
[Round "5.11"]
[White "Mainka, Alwin"]
[Black "Adema, Marrit"]
[Result "1/2-1/2"]
[WhiteElo "1723"]
[BlackElo "1541"]
[PlyCount "53"]
[EventDate "2017.08.??"]

1. e4 c5 2. Nf3 d6 3. d4 cxd4 4. Nxd4 Nf6 5. Nc3 g6 6. Bc4 Bg7 7. O-O O-O 8.
Rb1 Nc6 9. Nb3 Bd7 10. Kh1 a5 11. a4 Ne5 12. Be2 Rc8 13. f3 Nc4 14. Bd3 Nb6 15.
Ra1 Nc4 16. Qe2 Be6 17. f4 Qc7 18. Rd1 Nh5 19. Bxc4 Bxc4 20. Qf3 Bxb3 21. cxb3
Bxc3 22. bxc3 Qxc3 23. Qxc3 Rxc3 24. Rb1 b6 25. g3 Rfc8 26. Be3 R8c6 27. Bd4
1/2-1/2

[Event "ONJK 2017 C"]
[Site "Borne, Netherlands"]
[Date "2017.08.10"]
[Round "6.1"]
[White "Honkoop, Gilian"]
[Black "Kamp, Adrian"]
[Result "1-0"]
[WhiteElo "1916"]
[BlackElo "1773"]
[PlyCount "73"]
[EventDate "2017.08.??"]

1. d4 Nf6 2. Bf4 g6 3. Nc3 d5 4. e3 Bg7 5. h4 h5 6. Nf3 c5 7. Nb5 Na6 8. c3 c4
9. b3 cxb3 10. axb3 O-O 11. Bd3 Bd7 12. O-O Bxb5 13. Bxb5 Nc7 14. Bd3 Ne6 15.
Bh2 a6 16. Ne5 Nd7 17. Nxd7 Qxd7 18. f3 Bh6 19. Qe2 Rfd8 20. g4 hxg4 21. fxg4
Rac8 22. Rac1 b5 23. Kh1 Qc6 24. Qf2 Rf8 25. h5 Ng5 26. Qh4 gxh5 27. Bf4 Ne4
28. gxh5 Qe6 29. Bxh6 Qxh6 30. Bxe4 dxe4 31. Rc2 Rc6 32. Qxe7 Re6 33. Rg2+ Kh8
34. Qc5 Rg8 35. Rxf7 Rxg2 36. Kxg2 Rg6+ 37. Kh2 1-0

[Event "ONJK 2017 C"]
[Site "Borne, Netherlands"]
[Date "2017.08.10"]
[Round "6.2"]
[White "Elgersma, Onno"]
[Black "Salomons, Quinten"]
[Result "1-0"]
[WhiteElo "2030"]
[BlackElo "1633"]
[PlyCount "85"]
[EventDate "2017.08.??"]

1. e4 d6 2. d4 Nf6 3. Nc3 Nbd7 4. g4 h6 5. h3 e5 6. Nge2 c6 7. Bg2 Qc7 8. a4
Be7 9. O-O O-O 10. a5 b5 11. axb6 Nxb6 12. f4 exd4 13. Nxd4 d5 14. exd5 Nfxd5
15. Nxd5 Nxd5 16. Nxc6 Qxc6 17. Qxd5 Qxd5 18. Bxd5 Bc5+ 19. Kg2 Rb8 20. Re1 Bb7
21. Bxb7 Rxb7 22. c3 Bb6 23. Ra4 Rd8 24. Rae4 Rbd7 25. Re8+ Rxe8 26. Rxe8+ Kh7
27. Re2 Rd1 28. Rc2 a5 29. c4 Bc5 30. Bd2 Bb4 31. Bxb4 axb4 32. Kf3 Kg6 33. c5
Kf6 34. c6 Rd8 35. c7 Rc8 36. Ke4 Ke6 37. Rc6+ Kd7 38. Kd5 g6 39. Kc5 b3 40.
Kb6 h5 41. Kb7 hxg4 42. hxg4 f6 43. Rd6+ 1-0

[Event "ONJK 2017 C"]
[Site "Borne, Netherlands"]
[Date "2017.08.10"]
[Round "6.3"]
[White "Maters, Arthur"]
[Black "Grutter, Tim"]
[Result "0-1"]
[WhiteElo "1727"]
[BlackElo "1891"]
[PlyCount "24"]
[EventDate "2017.08.??"]

1. e4 e5 2. Nf3 Nc6 3. Bc4 Be7 4. c3 Nf6 5. d3 O-O 6. O-O d5 7. exd5 Nxd5 8. b4
Bf6 9. Re1 Re8 10. Bb3 Ndxb4 11. Nxe5 Bxe5 12. d4 Bf6 0-1

[Event "ONJK 2017 C"]
[Site "Borne, Netherlands"]
[Date "2017.08.10"]
[Round "6.4"]
[White "Wensing, Jonathan"]
[Black "Toval, David"]
[Result "1/2-1/2"]
[WhiteElo "1667"]
[BlackElo "1742"]
[PlyCount "22"]
[EventDate "2017.08.??"]

1. Nf3 Nf6 2. g3 e6 3. d4 b6 4. Bg2 Bb7 5. O-O Be7 6. Bf4 d6 7. c4 Nbd7 8. Nc3
O-O 9. Qc2 Rb8 10. Rad1 Ne8 11. e4 f5 1/2-1/2

[Event "ONJK 2017 C"]
[Site "Borne, Netherlands"]
[Date "2017.08.10"]
[Round "6.5"]
[White "Albertus, Bram"]
[Black "Hoeneveld, Maarten"]
[Result "1-0"]
[WhiteElo "1616"]
[BlackElo "1946"]
[PlyCount "57"]
[EventDate "2017.08.??"]

1. c4 Nf6 2. Nc3 g6 3. g3 Bg7 4. Bg2 c5 5. e3 Na6 6. a3 O-O 7. Rb1 Nc7 8. Nge2
d5 9. cxd5 Nfxd5 10. d4 cxd4 11. Nxd4 e5 12. Nde2 Be6 13. O-O Rb8 14. Qa4 Nxc3
15. Nxc3 a6 16. Rd1 Qe7 17. b4 b5 18. Qc2 Rfd8 19. Bb2 Ne8 20. Nd5 Qa7 21. Qc5
Qxc5 22. bxc5 f6 23. c6 Bxd5 24. Bxd5+ Kh8 25. Bc3 Bf8 26. Ba5 Rdc8 27. Rbc1
Nc7 28. Bg2 Ne8 29. c7 1-0

[Event "ONJK 2017 C"]
[Site "Borne, Netherlands"]
[Date "2017.08.10"]
[Round "6.6"]
[White "Roebers, Eline"]
[Black "Warnaar, Alisha"]
[Result "1-0"]
[WhiteElo "1852"]
[BlackElo "1560"]
[PlyCount "53"]
[EventDate "2017.08.??"]

1. e4 c5 2. b4 cxb4 3. a3 bxa3 4. Bxa3 Nc6 5. d4 e6 6. Bxf8 Kxf8 7. c3 Nge7 8.
Bd3 d6 9. f4 Qc7 10. e5 b6 11. Nf3 Bb7 12. O-O Nd5 13. Qe1 Qe7 14. exd6 Qxd6
15. Ne5 Nf6 16. Nd2 g6 17. Qh4 Nh5 18. Ndf3 Nxe5 19. fxe5 Qe7 20. Ng5 Rc8 21.
Rxf7+ Qxf7 22. Nxf7 Kxf7 23. Rf1+ Ke8 24. Bb5+ Bc6 25. Bxc6+ Rxc6 26. Qe4 Rc8
27. Qb7 1-0

[Event "ONJK 2017 C"]
[Site "Borne, Netherlands"]
[Date "2017.08.10"]
[Round "6.8"]
[White "De Putter, Nina"]
[Black "Roothaan, Elmar"]
[Result "1-0"]
[WhiteElo "1469"]
[BlackElo "1659"]
[PlyCount "81"]
[EventDate "2017.08.??"]

1. e4 c5 2. Nc3 d6 3. f4 Nc6 4. Nf3 g6 5. Bc4 Bg7 6. O-O e6 7. d3 Nf6 8. Qe1 a6
9. a3 O-O 10. f5 exf5 11. Qh4 Qc7 12. Bg5 Ng4 13. h3 Bxc3 14. bxc3 Be6 15. hxg4
fxg4 16. Bh6 Qe7 17. Qxe7 Nxe7 18. Bxf8 Rxf8 19. Bxe6 gxf3 20. Ba2 fxg2 21.
Kxg2 Nc6 22. Rf6 Kg7 23. Raf1 Ne5 24. d4 cxd4 25. cxd4 Ng4 26. Rxf7+ Rxf7 27.
Rxf7+ Kh8 28. Kf3 h5 29. Rxb7 a5 30. c4 a4 31. Rd7 g5 32. Rxd6 Kg7 33. c5 Kf8
34. c6 Ne5+ 35. dxe5 g4+ 36. Kg3 h4+ 37. Kxh4 Ke7 38. c7 g3 39. c8=Q g2 40.
Qe6+ Kf8 41. Qf7# 1-0

[Event "ONJK 2017 C"]
[Site "Borne, Netherlands"]
[Date "2017.08.10"]
[Round "6.9"]
[White "De Zoeten, Cato"]
[Black "Gevorkjan, Lewon"]
[Result "1/2-1/2"]
[WhiteElo "1511"]
[BlackElo "1836"]
[PlyCount "87"]
[EventDate "2017.08.??"]

1. e4 d5 2. exd5 Nf6 3. Bb5+ Nbd7 4. Nc3 a6 5. Be2 Nb6 6. Nf3 Nbxd5 7. d4 Bf5
8. O-O e6 9. Nxd5 Qxd5 10. c4 Qd8 11. Re1 Be7 12. Qa4+ Qd7 13. Qxd7+ Nxd7 14.
Bf4 O-O-O 15. Rac1 Nb6 16. c5 Nd5 17. Bg3 f6 18. c6 Bd6 19. cxb7+ Kxb7 20. Nd2
Bxg3 21. hxg3 e5 22. dxe5 fxe5 23. Bf3 e4 24. Nxe4 Bxe4 25. Bxe4 Kb8 26. Bxd5
Rxd5 27. Re7 c5 28. Rxg7 Re8 29. Rxh7 Re2 30. Rb1 Rf5 31. f3 Rd5 32. g4 Rdd2
33. Rh2 c4 34. g5 Rd5 35. f4 Rf5 36. g6 Rxf4 37. g7 Rg4 38. Rh8+ Kb7 39. g8=Q
Rexg2+ 40. Kf1 Rxg8 41. Rxg8 Rxg8 42. Rc1 Rg4 43. Ke1 Kb6 44. Kd2 1/2-1/2

[Event "ONJK 2017 C"]
[Site "Borne, Netherlands"]
[Date "2017.08.10"]
[Round "6.10"]
[White "Rogge, Parcival"]
[Black "Mainka, Alwin"]
[Result "0-1"]
[WhiteElo "1508"]
[BlackElo "1723"]
[PlyCount "64"]
[EventDate "2017.08.??"]

1. e4 e5 2. Nf3 Nf6 3. d3 Nc6 4. c3 d5 5. Qc2 h6 6. h3 Be7 7. Be2 O-O 8. Nbd2
dxe4 9. dxe4 Nh7 10. Bc4 Kh8 11. g4 g6 12. Bd5 Bd6 13. Nc4 Qf6 14. Qe2 Be6 15.
Bxh6 Rfe8 16. Bxe6 Qxe6 17. Ng5 Nxg5 18. Bxg5 Kg7 19. h4 Rh8 20. Ne3 f6 21.
Bxf6+ Qxf6 22. Nd5 Qf7 23. O-O-O Raf8 24. Rdf1 Ne7 25. c4 Nxd5 26. cxd5 Qf4+
27. Kb1 Qf3 28. Qxf3 Rxf3 29. a3 Rhf8 30. Rhg1 Rxf2 31. Re1 Rd2 32. h5 Rff2 0-1

[Event "ONJK 2017 C"]
[Site "Borne, Netherlands"]
[Date "2017.08.10"]
[Round "6.11"]
[White "Adema, Marrit"]
[Black "Klaren, Duncan"]
[Result "0-1"]
[WhiteElo "1541"]
[BlackElo "1661"]
[PlyCount "76"]
[EventDate "2017.08.??"]

1. d4 Nf6 2. c4 g6 3. Nc3 Bg7 4. e4 d6 5. Be2 O-O 6. Nf3 e5 7. O-O Nc6 8. d5
Ne7 9. Ne1 Ne8 10. Be3 f5 11. f3 f4 12. Bf2 h5 13. a4 g5 14. a5 a6 15. b4 Ng6
16. c5 Nf6 {Diagram #} 17. c6 bxc6 18. dxc6 g4 19. b5 g3 20. hxg3 fxg3 21. Bxg3
h4 22. Bh2 Nh5 23. b6 cxb6 24. Qb3+ Kh8 25. axb6 Bh6 26. Nd5 Be6 27. Nc2 (27.
c7 Qd7 28. b7) 27... Ngf4 28. Rf2 Qg5 {Diagram #} 29. Kf1 $2 (29. b7) 29...
Ng3+ 30. Ke1 Nxd5 31. Rd1 Nf4 32. Qe3 Ngxe2 33. Bxf4 Nxf4 34. Kf1 Bc4+ 35. Ke1
Nxg2+ 36. Rxg2 Qxg2 37. Qf2 (37. Qxh6+ Kg8) 37... Qh1+ 38. Qg1 Qxg1# 0-1

[Event "ONJK 2017 C"]
[Site "Borne, Netherlands"]
[Date "2017.08.10"]
[Round "6.12"]
[White "Tiggelman, Laura"]
[Black "Baselmans, Daan"]
[Result "0-1"]
[WhiteElo "1468"]
[BlackElo "1659"]
[PlyCount "94"]
[EventDate "2017.08.??"]

1. e4 e6 2. d4 d5 3. e5 c5 4. c3 Nc6 5. Nf3 Qb6 6. a3 cxd4 7. cxd4 f6 8. b4 Be7
9. Be2 Bd7 10. O-O fxe5 11. dxe5 Qc7 12. Bb2 Nh6 13. Bd3 O-O 14. Qe2 Rac8 15.
Nbd2 Nf7 16. Rfe1 a6 17. Nb3 Ng5 18. Nxg5 Bxg5 19. g3 Rf7 20. Qh5 Bh6 21. Re2 (
21. Bxh7+) 21... Be8 22. Qh3 Bd7 23. Nc5 Re8 24. Qh5 Ref8 25. Rf1 Bc8 26. Bc1
b6 27. Nb3 Rf3 28. Bb1 $2 Rxb3 29. Bxh6 gxh6 30. Qxh6 Nd4 31. Re3 Rxe3 32. Qxe3
Nf3+ 33. Kh1 Qxe5 34. Qh6 Qg7 35. Qh5 d4 36. Be4 Ng5 37. Bb1 Bb7+ 38. Kg1 Nf3+
39. Kh1 Nd2+ 40. Kg1 Nxf1 41. Kxf1 Rc8 42. Qd1 Qg5 43. f4 Qd5 44. Ke1 Qh1+ 45.
Kd2 Qxh2+ 46. Ke1 Qg1+ 47. Kd2 Qe3# 0-1

[Event "ONJK 2017 C"]
[Site "Borne, Netherlands"]
[Date "2017.08.10"]
[Round "6.13"]
[White "Hungeling, David"]
[Black "Achuthan, Dylan"]
[Result "1/2-1/2"]
[WhiteElo "1438"]
[BlackElo "1655"]
[PlyCount "40"]
[EventDate "2017.08.??"]

1. e4 c5 2. Nf3 Nc6 3. Bb5 e5 4. b3 a6 5. Bxc6 dxc6 6. Bb2 f6 7. h3 Be6 8. d3
Ne7 9. O-O Ng6 10. Bc1 Be7 11. Nc3 O-O 12. Ne2 b5 13. Ng3 Bd6 14. Be3 Qd7 15.
Qe2 Rad8 16. Rad1 Qc7 17. c4 Rf7 18. Rfe1 Qd7 19. Rd2 Rdf8 20. Red1 Qc7 {
... [55]} 1/2-1/2

[Event "ONJK 2017 C"]
[Site "Borne, Netherlands"]
[Date "2017.08.10"]
[Round "6.14"]
[White "Van Cleef, Matteo"]
[Black "Bleeker, Kasper"]
[Result "1-0"]
[WhiteElo "1449"]
[BlackElo "1627"]
[PlyCount "205"]
[EventDate "2017.08.??"]

1. e4 e5 2. Nf3 Nc6 3. Bc4 Nf6 4. Ng5 d5 5. exd5 Na5 6. Bb5+ c6 7. dxc6 bxc6 8.
Bd3 Bc5 9. O-O O-O 10. Nc3 Ng4 11. Nge4 Bb6 12. Be2 f5 13. Bxg4 fxg4 14. d3 c5
15. b3 h6 16. Bb2 Qh4 17. Ne2 Nc6 18. Qd2 Nd4 19. N2g3 Bb7 20. Rae1 Rf4 21. Ne2
Rf7 22. Nxd4 exd4 23. Nd6 Bxg2 24. Nxf7 Bxf1 25. Ne5 Bh3 26. Qf4 Qh5 27. Nc4
Rf8 28. Qd6 Bd8 29. Ba3 Bh4 30. Bxc5 Bxf2+ 31. Kh1 {Diagram #} Bxe1 (31... Bg2+
$1 32. Kxg2 Qh3+ 33. Kh1 Qf3#) 32. Qxf8+ Kh7 33. Qf4 Qd5+ 34. Qe4+ Qxe4+ 35.
dxe4 Kg6 36. Bxd4 a6 37. Nb2 h5 38. Nd3 Bd2 39. Kg1 h4 40. c4 g3 41. hxg3 hxg3
42. c5 Kg5 43. c6 Ba5 44. b4 Bc7 45. a4 Bg4 46. b5 axb5 47. axb5 Be2 48. Nc5
Bxb5 49. Ne6+ Kg6 50. Nxc7 Bxc6 51. e5 Kf7 52. Na6 Ke6 53. Nb4 Be4 54. Na2 Kf5
55. Nc3 Bc6 56. Ne2 g2 57. Nc1 Be4 58. Bc3 g6 59. Ne2 Bd3 60. Ng3+ Ke6 61. Kxg2
Bb1 62. Kf3 Kf7 63. Kg4 Bc2 64. Kg5 Bb1 65. Ne2 Ba2 66. Nf4 Ke7 67. Kxg6 Bb3
68. Bb4+ Kd7 69. Kf6 Kc6 70. e6 {Diagram #} Bxe6 71. Kxe6 Kb7 72. Kd6 Kb6 73.
Bc3 Kb7 74. Ba5 Ka6 75. Bc7 Kb7 76. Nd5 Ka7 77. Kc6 Ka8 78. Nb6+ Ka7 79. Bd6
Ka6 80. Bb8 Ka5 81. Bd6 Ka6 82. Nc8 Ka5 83. Nb6 Ka6 84. Na8 Ka7 85. Nb6 Ka6 86.
Bb8 Ka5 87. Nd5 Ka4 88. Kc5 Kb3 89. Nb4 Kc3 90. Bf4 Kb2 91. Bd2 Ka3 92. Kc4 Ka4
93. Nd3 Ka3 94. Bb4+ Ka2 95. Kc3 Kb1 96. Kb3 Ka1 97. Bd2 Kb1 98. Nc5 Ka1 99.
Nb7 Kb1 100. Na5 Ka1 101. Nc4 Kb1 102. Na3+ Ka1 103. Bc3# 1-0

[Event "ONJK 2017 C"]
[Site "Borne, Netherlands"]
[Date "2017.08.10"]
[Round "6.15"]
[White "Paays, Dominggus"]
[Black "Mainka, Irmin"]
[Result "1-0"]
[WhiteElo "1624"]
[BlackElo "1320"]
[PlyCount "31"]
[EventDate "2017.08.??"]

1. e4 e5 2. d4 exd4 3. c3 dxc3 4. Nxc3 Nc6 5. Nf3 Bb4 6. Bc4 Nge7 7. Ng5 d5 8.
exd5 Na5 9. Qa4+ Nec6 10. dxc6 Bxc3+ 11. bxc3 Qe7+ 12. Be3 Nxc6 13. Bxf7+ Kd8
14. Rd1+ Bd7 15. O-O b5 16. Qa6 1-0

[Event "ONJK 2017 C"]
[Site "Borne, Netherlands"]
[Date "2017.08.10"]
[Round "6.16"]
[White "Hatzmann, Mirthe"]
[Black "Tjin a Lien, Jie-Ren"]
[Result "0-1"]
[WhiteElo "1251"]
[BlackElo "1620"]
[PlyCount "66"]
[EventDate "2017.08.??"]

1. e4 c5 2. Nc3 d6 3. g3 Nc6 4. Bg2 Nf6 5. h3 a6 6. d3 e6 7. Be3 Qc7 8. Nge2
Be7 9. Qd2 b5 10. a3 Bb7 11. d4 cxd4 12. Nxd4 Ne5 13. b3 Rc8 14. Nde2 O-O 15.
O-O Rfd8 16. Rfc1 d5 17. exd5 Nxd5 18. Nxd5 Bxd5 19. Qe1 Bxg2 20. Qc3 (20. Kxg2
Qc6+ 21. Kf1 Qh1+ 22. Ng1 Nf3) 20... Qxc3 21. Nxc3 Bxh3 22. Ne2 Nf3+ 23. Kh1
Bf6 24. Ra2 Bg5 25. Bxg5 Nxg5 26. Kh2 Bg4 27. Nf4 e5 28. Ng2 Rd2 29. Kg1 Nh3+
30. Kh1 Nxf2+ 31. Kg1 Nh3+ 32. Kf1 Rf2+ 33. Ke1 Rxg2 0-1

[Event "ONJK 2017 C"]
[Site "Borne, Netherlands"]
[Date "2017.08.10"]
[Round "6.17"]
[White "Heskes, Johan"]
[Black "Torensma, Christian"]
[Result "1/2-1/2"]
[WhiteElo "1600"]
[BlackElo "964"]
[PlyCount "38"]
[EventDate "2017.08.??"]

1. d4 Nf6 2. c4 g6 3. Nc3 Bg7 4. e4 d6 5. Nf3 O-O 6. Bd3 Nbd7 7. O-O e5 8. d5
a5 9. a4 Nc5 10. Be3 Nfd7 11. Ne1 f5 12. f3 f4 13. Bf2 g5 14. g3 Rf6 15. g4 Qe8
16. Kg2 h5 17. h3 Rh6 18. Bc2 Na6 19. Nd3 Nf6 1/2-1/2

[Event "ONJK 2017 C"]
[Site "Borne, Netherlands"]
[Date "2017.08.10"]
[Round "6.18"]
[White "Faybish, Benjamin"]
[Black "Van Manen, Siebe"]
[Result "1-0"]
[WhiteElo "1628"]
[BlackElo "934"]
[PlyCount "45"]
[EventDate "2017.08.??"]

1. b4 e5 2. Bb2 f6 3. a3 d5 4. e3 Bd6 5. Nf3 Bf5 6. d3 Ne7 7. c4 c6 8. Nc3 O-O
9. Be2 Be6 10. cxd5 Nxd5 11. Ne4 Bc7 12. Nc5 Qe7 13. Nxb7 Bb6 14. Na5 c5 15.
O-O cxb4 16. Nc4 bxa3 17. Bxa3 Bc5 18. Qd2 Bxa3 19. Rxa3 {Diagram #} Nf4 20.
exf4 Bxc4 21. dxc4 Qxa3 22. Qd5+ Kh8 23. Qxa8 {... [60]} 1-0

[Event "ONJK 2017 C"]
[Site "Borne, Netherlands"]
[Date "2017.08.10"]
[Round "6.19"]
[White "Bungarten, Jona"]
[Black "Hubers, Daan"]
[Result "0-1"]
[WhiteElo "1640"]
[BlackElo "1387"]
[PlyCount "62"]
[EventDate "2017.08.??"]

1. e4 e6 2. d4 d5 3. Nd2 Bd7 4. Ngf3 dxe4 5. Nxe4 Nf6 6. Bd3 Nc6 7. Bf4 Nd5 8.
Bg3 h6 9. c4 Ndb4 10. Bb1 g5 11. h4 f5 12. Nc3 f4 13. Bh2 Qf6 14. a3 Na6 15.
Ne4 Qg7 16. hxg5 hxg5 17. Nexg5 O-O-O 18. O-O Bd6 19. c5 Be7 20. Bxf4 Rdf8 21.
Qd2 e5 22. dxe5 Nxc5 23. Rd1 Bxg5 24. Bxg5 Nb3 25. Bf6 Nxd2 26. Bxg7 Nxf3+ 27.
gxf3 Rhg8 28. Be4 Rxg7+ 29. Kf1 Nxe5 30. Ke2 Re7 31. a4 Nxf3 0-1